[Event "ITA-ch U20"]
[Site "Tarvisio"]
[Date "2023.07.04"]
[Round "3"]
[White "Brini, Dario"]
[Black "Fanchin, Matteo"]
[Result "1-0"]
[WhiteElo "2099"]
[BlackElo "1774"]
[PlyCount "81"]
[EventDate "2023.07.02"]
[EventType "swiss"]
[EventRounds "9"]
[EventCountry "ITA"]
[SourceTitle "EXT 2024"]
[Source "ChessBase"]
[SourceDate "2023.10.10"]
[SourceVersion "1"]
[SourceVersionDate "2023.10.10"]
[SourceQuality "1"]

1. e4 c5 2. Nf3 Nc6 3. d4 cxd4 4. Nxd4 e5 5. Nb5 d6 6. N1c3 a6 7. Na3 Be7 8. Nc4 b5 9. Ne3 Nf6 10. Be2 0-0 11. 0-0 Nd4 12. Ned5 Nxd5 13. Nxd5 Bg5 14. c3 Bxc1 15. Rxc1 Ne6 16. Qd2 Nc5 17. Qe3 Be6 18. Rfd1 Bxd5 19. Rxd5 Qc7 20. Rcd1 Rfd8 21. f4 Na4 22. R5d2 Rab8 23. f5 Qb6 24. Kf2 Kf8 25. Qxb6 Rxb6 26. Ke3 Ke7 27. Rf1 Nc5 28. g4 f6 29. h4 Rb7 30. g5 Rc7 31. Rg1 Rcd7 32. Bf3 Na4 33. Rdg2 Nb6 34. h5 fxg5 35. Rxg5 Kf6 36. h6 Nc4+ 37. Ke2 Rg8 38. Bh5 Nxb2 39. Rg6+ hxg6 40. Rxg6+ Ke7 41. Re6+ 1-0

[Event "Veneto-ch qf 81st"]
[Site "Verona"]
[Date "2022.05.06"]
[Round "1.10"]
[White "Vujicic, Luigi"]
[Black "Fanchin, Matteo"]
[Result "1-0"]
[WhiteElo "1952"]
[BlackElo "1467"]
[PlyCount "95"]
[EventDate "2022.05.06"]
[EventType "swiss"]
[EventRounds "5"]
[EventCountry "ITA"]
[SourceTitle "EXT 2024"]
[Source "ChessBase"]
[SourceDate "2023.10.10"]
[SourceVersion "1"]
[SourceVersionDate "2023.10.10"]
[SourceQuality "1"]

1. e4 c5 2. Nc3 Nc6 3. g3 g6 4. Bg2 Bg7 5. d3 d6 6. Be3 Nf6 7. h3 e5 8. Qd2 Be6 9. Nd5 0-0 10. c3 b5 11. Ne2 Rb8 12. 0-0 b4 13. d4 bxc3 14. bxc3 cxd4 15. cxd4 exd4 16. Nxd4 Nxd4 17. Bxd4 Bxd5 18. exd5 Nd7 19. Bxa7 Rb2 20. Qf4 Qa5 21. Qe3 Rxa2 22. Rxa2 Qxa2 23. Bd4 Bxd4 24. Qxd4 Nc5 25. Qf6 Qa6 26. Re1 Qb6 27. h4 h5 28. g4 hxg4 29. h5 Nd3 30. Re2 Nxf2 31. Qxf2 Qxf2+ 32. Rxf2 gxh5 33. Rf5 Kg7 34. Rxh5 f5 35. Kf2 Kg6 36. Rh1 Kg5 37. Re1 Rf6 38. Re8 f4 39. Be4 Kh4 40. Re6 Kg5 41. Re8 Kh4 42. Rg8 f3 43. Bd3 Rf7 44. Rh8+ Kg5 45. Kg3 Rf6 46. Rg8+ Kh5 47. Rxg4 f2 48. Rf4 1-0